[Event "Kemp & Lauritzen Chess 2015"]
[Site "Fredericia"]
[Date "2015.05.09"]
[Round "6.6"]
[White "Olsen, Filip Boe"]
[Black "Seegert, Kristian"]
[Result "0-1"]
[LiveChessVersion "1.4.2"]
[BlackElo "2210"]
[WhiteElo "2192"]

1. d4 {[%clk 1:59:57]} f5 {[%clk 1:57:41]} 2. Nf3 {[%clk 1:59:46]} Nf6
{[%clk 1:57:34]} 3. g3 {[%clk 1:59:31]} g6 {[%clk 1:57:27]} 4. Bg2
{[%clk 1:59:23]} Bg7 {[%clk 1:57:19]} 5. O-O {[%clk 1:59:14]} O-O
{[%clk 1:57:12]} 6. b3 {[%clk 1:58:58]} Ne4 {[%clk 1:49:26]} 7. Bb2
{[%clk 1:57:11]} c5 {[%clk 1:47:15]} 8. Qc1 {[%clk 1:44:30]} Nc6 {[%clk 1:32:23]}
9. dxc5 {[%clk 1:42:11]} e5 {[%clk 1:30:52]} 10. Nbd2 {[%clk 1:32:51]} Nxc5
{[%clk 1:29:14]} 11. Nc4 {[%clk 1:27:43]} Qe7 {[%clk 1:23:14]} 12. Rd1
{[%clk 1:23:31]} Rb8 {[%clk 1:04:47]} 13. Rd5 {[%clk 1:18:29]} e4
{[%clk 1:00:38]} 14. Bxg7 {[%clk 1:17:02]} Kxg7 {[%clk 1:00:15]} 15. Qb2+
{[%clk 1:16:47]} Kg8 {[%clk 0:59:50]} 16. Nfe5 {[%clk 1:15:02]} Nb4
{[%clk 0:42:29]} 17. Rd2 {[%clk 1:12:18]} b5 {[%clk 0:28:06]} 18. Nd6
{[%clk 1:08:36]} Qf6 {[%clk 0:24:33]} 19. Qd4 {[%clk 1:04:04]} Ne6
{[%clk 0:22:17]} 20. Qxb4 {[%clk 1:02:53]} Qxe5 {[%clk 0:22:10]} 21. Rad1
{[%clk 1:02:05]} Ba6 {[%clk 0:17:33]} 22. a4 {[%clk 0:57:26]} bxa4
{[%clk 0:09:15]} 23. Qxa4 {[%clk 0:57:19]} e3 {[%clk 0:08:47]} 24. Rd5
{[%clk 0:48:29]} exf2+ {[%clk 0:08:27]} 25. Kh1 {[%clk 0:47:35]} Qxe2
{[%clk 0:07:49]} 26. Bf1 {[%clk 0:45:27]} Qf3+ {[%clk 0:07:45]} 27. Bg2
{[%clk 0:45:16]} Qe2 {[%clk 0:07:42]} 28. Bf1 {[%clk 0:44:10]} Qf3+
{[%clk 0:03:23]} 29. Bg2 {[%clk 0:44:06]} Be2 {[%clk 0:02:37]} 30. Qxd7
{[%clk 0:30:29]} Ng5 {[%clk 0:02:35]} 31. R5d3 {[%clk 0:28:05]} Bxd1
{[%clk 0:02:00]} 32. Rxf3 {[%clk 0:26:32]} Bxf3 {[%clk 0:01:59]} 33. h4
{[%clk 0:24:33]} f1=Q+ {[%clk 0:01:48]} 0-1

[Event "Kemp & Lauritzen Chess 2015"]
[Site "Fredericia"]
[Date "2015.05.09"]
[Round "6.7"]
[White "Bønnelykke, Ole"]
[Black "Schou-Moldt, Thomas"]
[Result "1/2-1/2"]
[LiveChessVersion "1.4.2"]
[BlackElo "2175"]
[WhiteElo "2105"]

1. e4 {[%clk 1:59:51]} c5 {[%clk 1:59:09]} 2. Nc3 {[%clk 1:59:34]} Nc6
{[%clk 1:58:30]} 3. d3 {[%clk 1:59:12]} d6 {[%clk 1:56:41]} 4. g4
{[%clk 1:57:34]} Rb8 {[%clk 1:56:30]} 5. Bg2 {[%clk 1:57:13]} b5 {[%clk 1:56:19]}
6. h4 {[%clk 1:56:27]} h5 {[%clk 1:51:48]} 7. g5 {[%clk 1:55:58]} g6
{[%clk 1:51:36]} 8. Be3 {[%clk 1:54:37]} Bg7 {[%clk 1:51:26]} 9. Qd2
{[%clk 1:53:35]} Ne5 {[%clk 1:44:31]} 10. Nf3 {[%clk 1:44:04]} Ng4
{[%clk 1:40:54]} 11. d4 {[%clk 1:41:59]} b4 {[%clk 1:39:51]} 12. Ne2
{[%clk 1:32:56]} Qc7 {[%clk 1:39:17]} 13. O-O {[%clk 1:26:34]} e6
{[%clk 1:27:05]} 14. Rac1 {[%clk 1:22:49]} Ne7 {[%clk 1:21:02]} 15. c3
{[%clk 1:16:49]} b3 {[%clk 1:16:26]} 16. a3 {[%clk 1:09:19]} Nxe3
{[%clk 0:32:52]} 17. Qxe3 {[%clk 1:01:19]} c4 {[%clk 0:32:52]} 18. Ng3
{[%clk 1:01:19]} Bd7 {[%clk 0:32:52]} 19. Nd2 {[%clk 1:01:19]} Kd8
{[%clk 0:32:52]} 20. f4 {[%clk 1:01:19]} Rb5 {[%clk 0:32:52]} 21. Rf2
{[%clk 1:01:19]} Ra5 {[%clk 0:32:52]} 22. Re1 {[%clk 1:01:19]} Re8
{[%clk 0:32:52]} 23. Rfe2 {[%clk 0:42:32]} Nc8 {[%clk 0:14:37]} 24. Qf2
{[%clk 0:40:33]} Bf8 {[%clk 0:11:37]} 25. Re3 {[%clk 0:36:19]} Bg7
{[%clk 0:09:14]} 26. Bf1 {[%clk 0:32:42]} Nb6 {[%clk 0:08:00]} 27. Be2
{[%clk 0:30:41]} d5 {[%clk 0:04:56]} 28. Bf1 {[%clk 0:22:36]} Bf8
{[%clk 0:04:01]} 29. Bg2 {[%clk 0:20:28]} Bd6 {[%clk 0:03:33]} 30. Rf3
{[%clk 0:17:10]} Na4 {[%clk 0:03:18]} 31. Nb1 {[%clk 0:14:36]} Bc6
{[%clk 0:02:38]} 32. e5 {[%clk 0:11:16]} Bf8 {[%clk 0:02:30]} 33. Qd2
{[%clk 0:10:10]} 1/2-1/2

[Event "Kemp & Lauritzen Chess 2015"]
[Site "Fredericia"]
[Date "2015.05.09"]
[Round "6.8"]
[White "Moe, FM Mogens"]
[Black "Bjerre, Jonas"]
[Result "1-0"]
[LiveChessVersion "1.4.2"]
[BlackElo "2120"]
[WhiteElo "2151"]

1. e4 {[%clk 1:59:53]} c5 {[%clk 1:59:57]} 2. Nf3 {[%clk 1:59:47]} e6
{[%clk 1:59:50]} 3. d4 {[%clk 1:59:40]} cxd4 {[%clk 1:59:48]} 4. Nxd4
{[%clk 1:59:31]} Nc6 {[%clk 1:59:40]} 5. Nc3 {[%clk 1:59:01]} Qc7
{[%clk 1:59:34]} 6. Be3 {[%clk 1:57:57]} a6 {[%clk 1:59:26]} 7. Qf3
{[%clk 1:57:04]} Nf6 {[%clk 1:58:21]} 8. O-O-O {[%clk 1:52:23]} Nxd4 9. Bxd4
{[%clk 1:51:50]} e5 {[%clk 1:55:43]} 10. Be3 {[%clk 1:51:22]} d6 {[%clk 1:54:05]}
11. Qg3 {[%clk 1:45:07]} b5 {[%clk 1:49:52]} 12. f4 {[%clk 1:34:21]} Be6
{[%clk 1:37:37]} 13. a3 {[%clk 1:31:09]} Rc8 {[%clk 1:35:17]} 14. Bd3
{[%clk 1:29:23]} Be7 {[%clk 1:23:10]} 15. f5 {[%clk 1:22:57]} Bc4
{[%clk 1:22:18]} 16. Bg5 {[%clk 1:21:35]} Qd8 {[%clk 1:07:36]} 17. Bxc4
{[%clk 1:18:53]} Rxc4 {[%clk 1:03:51]} 18. Qd3 {[%clk 1:16:31]} Rd4
{[%clk 0:58:35]} 19. Qf3 {[%clk 1:16:21]} Rc4 {[%clk 0:56:32]} 20. Rd3
{[%clk 1:07:47]} O-O {[%clk 0:51:59]} 21. Rhd1 {[%clk 1:07:47]} b4
{[%clk 0:51:59]} 22. Bxf6 {[%clk 1:07:47]} Bxf6 {[%clk 0:51:59]} 23. axb4
{[%clk 1:07:47]} Rxb4 {[%clk 0:51:59]} 24. Nd5 {[%clk 0:41:01]} Bg5+
{[%clk 0:45:36]} 25. Kb1 {[%clk 0:40:51]} Rb5 {[%clk 0:44:43]} 26. f6
{[%clk 0:37:59]} Qb8 {[%clk 0:40:16]} 27. b3 {[%clk 0:36:46]} Re8
{[%clk 0:35:31]} 28. Qh5 {[%clk 0:31:22]} h6 {[%clk 0:32:13]} 29. h4
{[%clk 0:24:18]} g6 {[%clk 0:31:01]} 30. Qg4 {[%clk 0:23:41]} Bf4
{[%clk 0:30:25]} 31. h5 {[%clk 0:20:21]} Bg5 {[%clk 0:29:10]} 32. Rh1
{[%clk 0:18:52]} Rb7 {[%clk 0:26:55]} 33. hxg6 {[%clk 0:11:02]} fxg6
{[%clk 0:26:44]} 34. Rxh6 {[%clk 0:09:03]} Bxh6 {[%clk 0:26:25]} 35. Qxg6+
{[%clk 0:08:48]} Bg7 {[%clk 0:21:12]} 36. Rh3 {[%clk 0:08:09]} Rf8
{[%clk 0:15:56]} 37. Qh7+ {[%clk 0:07:26]} Kf7 {[%clk 0:15:41]} 38. fxg7
{[%clk 0:06:06]} Rg8 {[%clk 0:14:57]} 39. Rf3+ {[%clk 0:05:52]} Ke6
{[%clk 0:14:48]} 40. Qh3# 1-0

[Event "Kemp & Lauritzen Chess 2015"]
[Site "Fredericia"]
[Date "2015.05.09"]
[Round "6.9"]
[White "Jensen, Jakob Bjerre"]
[Black "Pedersen, Lars Wilton"]
[Result "0-1"]
[LiveChessVersion "1.4.2"]
[BlackElo "2084"]
[WhiteElo "2168"]

1. d4 {[%clk 1:59:59]} Nf6 {[%clk 1:58:44]} 2. c4 {[%clk 1:59:54]} e6
{[%clk 1:57:18]} 3. Nc3 {[%clk 1:59:49]} d5 {[%clk 1:57:02]} 4. Nf3
{[%clk 1:59:02]} c6 {[%clk 1:56:18]} 5. e3 {[%clk 1:58:13]} Nbd7 {[%clk 1:55:10]}
6. Bd3 {[%clk 1:58:03]} dxc4 {[%clk 1:50:33]} 7. Bxc4 {[%clk 1:57:56]} b5
{[%clk 1:50:27]} 8. Bd3 {[%clk 1:57:48]} a6 {[%clk 1:50:14]} 9. e4
{[%clk 1:57:34]} c5 {[%clk 1:50:03]} 10. e5 {[%clk 1:57:26]} cxd4
{[%clk 1:48:20]} 11. Nxb5 {[%clk 1:57:18]} Nxe5 {[%clk 1:43:27]} 12. Nxe5
{[%clk 1:57:09]} axb5 {[%clk 1:43:19]} 13. Bxb5+ {[%clk 1:56:59]} Bd7
{[%clk 1:42:14]} 14. Nxd7 {[%clk 1:56:33]} Qa5+ {[%clk 1:41:36]} 15. Bd2
{[%clk 1:56:27]} Qxb5 {[%clk 1:41:28]} 16. Nxf8 {[%clk 1:56:02]} Rxf8
{[%clk 1:39:26]} 17. a4 {[%clk 1:53:53]} Qd5 {[%clk 1:21:25]} 18. O-O
{[%clk 1:48:23]} Kd7 {[%clk 1:21:04]} 19. b4 {[%clk 1:34:54]} Rfb8
{[%clk 1:16:54]} 20. b5 {[%clk 1:27:39]} e5 {[%clk 1:12:09]} 21. Bg5
{[%clk 1:08:57]} Rb6 {[%clk 1:02:56]} 22. Re1 {[%clk 1:00:39]} h6
{[%clk 0:37:46]} 23. Bxf6 {[%clk 0:51:52]} Rxf6 {[%clk 0:32:47]} 24. Qg4+
{[%clk 0:41:20]} Kd8 {[%clk 0:25:43]} 25. Qg3 {[%clk 0:27:16]} Re6
{[%clk 0:24:01]} 26. f3 {[%clk 0:20:07]} g5 {[%clk 0:22:00]} 27. h4
{[%clk 0:19:01]} Kd7 {[%clk 0:19:10]} 28. Reb1 {[%clk 0:14:50]} d3
{[%clk 0:18:10]} 29. hxg5 {[%clk 0:12:55]} hxg5 {[%clk 0:17:15]} 30. Qf2
{[%clk 0:12:31]} e4 {[%clk 0:12:19]} 31. fxe4 {[%clk 0:12:05]} Rxe4
{[%clk 0:12:07]} 32. b6 {[%clk 0:08:41]} Rf4 {[%clk 0:11:10]} 33. Qe3
{[%clk 0:04:09]} Re8 {[%clk 0:10:59]} 34. Qh3+ {[%clk 0:03:54]} g4
{[%clk 0:10:40]} 35. Qh2 {[%clk 0:02:50]} Qd4+ {[%clk 0:08:30]} 36. Kh1
{[%clk 0:02:46]} Rh8 {[%clk 0:05:24]} 37. b7 {[%clk 0:02:38]} Rxh2+
{[%clk 0:04:30]} 38. Kxh2 {[%clk 0:02:35]} g3+ {[%clk 0:04:07]} 39. Kxg3
{[%clk 0:02:30]} Qe3+ {[%clk 0:03:56]} 0-1

[Event "Kemp & Lauritzen Chess 2015"]
[Site "Fredericia"]
[Date "2015.05.09"]
[Round "6.10"]
[White "Thuesen, Mogens Henrik"]
[Black "Rossen, Claus"]
[Result "0-1"]
[LiveChessVersion "1.4.2"]
[BlackElo "2174"]
[WhiteElo "2179"]

1. d4 {[%clk 1:59:29]} Nf6 {[%clk 1:59:56]} 2. Bg5 {[%clk 1:59:22]} c5
{[%clk 1:56:45]} 3. Bxf6 {[%clk 1:59:11]} gxf6 {[%clk 8:26:38]} 4. d5
{[%clk 1:59:02]} Qb6 {[%clk 1:56:06]} 5. Qc1 {[%clk 1:58:49]} Bh6
{[%clk 1:55:20]} 6. e3 {[%clk 1:58:43]} Rg8 {[%clk 1:55:03]} 7. Na3
{[%clk 1:48:18]} d6 {[%clk 1:52:29]} 8. Nc4 {[%clk 1:47:38]} Qc7 {[%clk 1:52:24]}
9. a4 {[%clk 1:47:23]} Nd7 {[%clk 1:51:38]} 10. Qd1 {[%clk 1:41:27]} Nb6
{[%clk 1:41:10]} 11. Qh5 {[%clk 1:37:25]} Rg6 {[%clk 1:29:31]} 12. a5
{[%clk 1:03:23]} Nxc4 {[%clk 1:20:08]} 13. Bxc4 {[%clk 1:03:05]} Bg4
{[%clk 1:18:24]} 14. Qh4 {[%clk 1:02:56]} Bf5 {[%clk 1:14:25]} 15. Bb5+
{[%clk 0:52:51]} Bd7 {[%clk 1:14:04]} 16. Bd3 {[%clk 0:52:25]} f5
{[%clk 1:12:22]} 17. Ne2 {[%clk 0:43:07]} O-O-O {[%clk 0:54:14]} 18. Qxe7
{[%clk 0:30:45]} c4 {[%clk 0:52:10]} 19. Qxf7 {[%clk 0:25:47]} cxd3
{[%clk 0:51:58]} 20. cxd3 {[%clk 0:25:39]} Kb8 {[%clk 0:48:31]} 21. O-O
{[%clk 0:22:29]} Bc8 {[%clk 0:47:59]} 22. Qxc7+ {[%clk 0:21:16]} Kxc7
{[%clk 0:47:56]} 23. Ra4 {[%clk 0:20:54]} Bd7 {[%clk 0:43:05]} 24. Rb4
{[%clk 0:19:48]} Kb8 {[%clk 0:35:56]} 25. Rc1 {[%clk 0:16:38]} Rc8
{[%clk 0:35:40]} 26. Rxc8+ {[%clk 0:15:38]} Kxc8 {[%clk 0:35:26]} 27. f4
{[%clk 0:14:20]} Bg7 {[%clk 0:32:33]} 28. Kf2 {[%clk 0:14:06]} a6
{[%clk 0:32:24]} 29. Nd4 {[%clk 0:10:49]} Bxd4 {[%clk 0:31:08]} 30. Rxd4
{[%clk 0:10:42]} h5 {[%clk 0:25:31]} 31. e4 {[%clk 0:08:34]} Bb5 {[%clk 0:21:22]}
32. Kf3 {[%clk 0:06:16]} Kd8 {[%clk 0:12:25]} 33. h3 {[%clk 0:05:16]} h4
{[%clk 0:12:08]} 34. exf5 {[%clk 0:03:39]} Rg3+ {[%clk 0:11:55]} 35. Kf2
{[%clk 0:00:46]} Rxd3 {[%clk 0:06:52]} 36. Re4 {[%clk 0:00:44]} Rxd5 37. Re6 Rxf5
{[%clk 0:02:44]} 38. Kf3 {[%clk 0:00:42]} Bc6+ {[%clk 0:02:23]} 39. Kg4
{[%clk 0:00:37]} Rxa5 {[%clk 0:02:13]} 40. Rxd6+ {[%clk 0:00:14]} Ke7
{[%clk 0:00:53]} 41. Rd2 {[%clk 0:00:12]} Rd5 {[%clk 0:21:47]} 42. Re2+
{[%clk 0:28:51]} Kf6 {[%clk 0:21:42]} 43. Kxh4 {[%clk 0:28:24]} Rd4
{[%clk 0:17:19]} 44. g3 {[%clk 0:26:39]} b5 {[%clk 0:16:50]} 45. Rf2
{[%clk 0:25:50]} Rd3 {[%clk 0:14:17]} 46. g4 {[%clk 0:22:13]} Rf3
{[%clk 0:13:58]} 47. Rd2 {[%clk 0:20:35]} Ke6 {[%clk 0:13:10]} 48. f5+
{[%clk 0:12:18]} Ke5 {[%clk 0:13:03]} 49. Rh2 {[%clk 0:07:07]} a5
{[%clk 0:12:26]} 50. Kg5 {[%clk 0:06:52]} Rg3 {[%clk 0:08:45]} 51. Re2+
{[%clk 0:04:54]} Kd4 {[%clk 0:07:59]} 52. Rd2+ {[%clk 0:03:40]} Rd3
{[%clk 0:07:45]} 53. Rc2 {[%clk 0:03:37]} Bd5 {[%clk 0:07:34]} 54. h4
{[%clk 0:03:30]} Rg3 {[%clk 0:05:42]} 55. Rd2+ {[%clk 0:02:21]} Ke5
{[%clk 0:04:39]} 56. Re2+ {[%clk 0:02:03]} Be4 {[%clk 0:04:38]} 57. f6
{[%clk 0:01:53]} Rf3 {[%clk 0:03:42]} 58. h5 {[%clk 0:01:51]} Kd5
{[%clk 0:03:29]} 59. Rd2+ {[%clk 0:01:15]} Ke5 {[%clk 0:02:45]} 60. Re2 Kd4 61.
h6 {[%clk 0:01:00]} Bb1 {[%clk 0:02:09]} 62. Rd2+ {[%clk 0:00:57]} Ke5
{[%clk 0:02:07]} 63. Re2+ {[%clk 0:00:56]} Kd6 {[%clk 0:02:04]} 64. Re7
{[%clk 0:00:53]} Rh3 {[%clk 0:01:51]} 65. Ra7 {[%clk 0:00:51]} a4
{[%clk 0:01:41]} 66. f7 {[%clk 0:00:49]} Rf3 {[%clk 0:01:40]} 67. f8=Q+
{[%clk 0:00:14]} Rxf8 {[%clk 0:01:39]} 68. h7 {[%clk 0:00:12]} Kc5
{[%clk 0:01:26]} 69. Kh6 {[%clk 0:00:11]} Rf2 {[%clk 0:01:03]} 70. g5
{[%clk 0:00:11]} Rxb2 {[%clk 0:00:52]} 71. g6 {[%clk 0:00:10]} Bxg6
{[%clk 0:00:50]} 72. Kxg6 {[%clk 0:00:09]} Rg2+ {[%clk 0:00:48]} 73. Kf5
{[%clk 0:00:08]} Rh2 {[%clk 0:00:46]} 74. Ke4 {[%clk 0:00:06]} Kc4
{[%clk 0:00:45]} 0-1

[Event "Kemp & Lauritzen Chess 2015"]
[Site "Fredericia"]
[Date "2015.05.09"]
[Round "6.11"]
[White "Firooznia, Farzam"]
[Black "Rewitz, FM Poul"]
[Result "0-1"]
[LiveChessVersion "1.4.2"]
[BlackElo "2272"]
[WhiteElo "2098"]

1. e4 c6 2. d4 d5 3. f3 g6 4. Nc3 Bg7 5. Be3 h5 6. Qd2 b5 7. exd5 b4 8. Na4 cxd5
9. Bb5+ Kf8 10. Qxb4 Nh6 11. Nc5 Nf5 12. Bf2 Qb6 13. Na4 Qe6+ 14. Ne2 Nc6 15.
Bxc6 Qxc6 16. Nc5 Bh6 17. Qc3 Ba6 18. a4 Rc8 19. Ng3 Nd6 20. Be3 Bxe3 21. Qxe3 h4
22. Ne2 Nf5 23. Qd2 Bxe2 24. Kxe2 e5 25. c3 Kg7 26. b4 exd4 27. cxd4 Qf6 28. Rad1
h3 29. g3 Rhe8+ 30. Kf2 Ne3 31. f4 Nxd1+ 32. Rxd1 Re7 33. Re1 Rxe1 34. Kxe1 Qf5
35. Kf2 Re8 36. Qd1 g5 37. Qd2 Qb1 38. Qd3 Qh1 39. fxg5 Qg2# 0-1